000 00645nam a2200253Ia 4500
005 20260121155154.0
008 008 260114s9999 xx 000 0 eng d
020 _a9780429506178
037 _aEBOOK
040 _aCRL
040 _beng
040 _cCRL
041 _2eng
041 _aeng
084 _qCRL
100 _a Carmen M. McCallum; Matthew R. Shupp; Amy B. Wilson
_91016249
245 0 _aInclusive Supervision in Student Affairs
260 _bTaylor and Francis
260 _c2020
856 _uhttp://www.taylorfrancis.com/books/9780429506178
942 _cEBOOK
999 _c1583068
_d1583068